00440ntaaa2200157 45000030003000000050017000030080021000200400037000410820017000781000017000952450022001122500034001343000010001685000092001786500012002700120251027202435.00714s1973 ag 01  aAR-BaBNbspacAR-BaBNeaacrdRIC a265.8000 L62 aLight, Mary  aSigns and wonders a1 ed. : bWhitsuntide, c1944 a88 p. ala biblioteca pose la misma obra en castellano, "Señales y Milagros" - sanidad divina aSanidad